|
|
|
|
| LEADER |
00000ckm a2200000 a 4500 |
| 001 |
vtls001494259 |
| 003 |
SK-MaSNL |
| 005 |
20260512130140.0 |
| 007 |
kp bo |
| 008 |
230706q1905 xo g kuhun |
| 015 |
|
|
|a SNBG
|
| 035 |
|
|
|a urn:nbn:sk:snk-km00eh5e
|
| 035 |
|
|
|a urn:nbn:sk:snk-km43bv9
|
| 035 |
|
|
|a C08FE2C2-B871-45F2-AA52-8B5553B41FDD
|
| 040 |
|
|
|a SNK
|b slo
|c SNK
|e AACR2
|
| 041 |
0 |
|
|a hun
|
| 043 |
|
|
|a e-xo---
|
| 044 |
|
|
|a xo
|c SK
|
| 072 |
|
7 |
|a 913
|x Regionálna geografia
|2 konspekt
|
| 080 |
|
|
|a 913(437.6)
|2 2011
|
| 080 |
|
|
|a 726:27-526.2
|2 2011
|
| 080 |
|
|
|a 726:27-523.42
|2 2011
|
| 080 |
|
|
|a 72.012.8
|2 2011
|
| 080 |
|
|
|a 904(084.121)
|2 2011
|
| 245 |
0 |
0 |
|a Bártfa - a kolostortemplom főoltára
|h grafika
|
| 260 |
|
|
|a Eperjes
|b Divald
|c [medzi 1905 a 1920?]
|
| 300 |
|
|
|a 1 pohľadnica
|b čiernobiela
|c 14 x 9 cm
|
| 500 |
|
|
|a Na adresnej časti uvedené: "5690"
|
| 520 |
8 |
|
|a Zobrazenie: Pohľad na hlavný oltár v bazilike. V popredí je otvorená nízka bránka
|
| 610 |
2 |
7 |
|a Bazilika sv. Egídia (Bardejov, Slovensko)
|2 SNKKA
|9 161967
|
| 650 |
0 |
7 |
|a kostoly
|2 SNKPH
|9 3023
|
| 650 |
0 |
7 |
|a baziliky
|2 SNKPH
|9 54566
|
| 650 |
0 |
7 |
|a interiéry
|2 SNKPH
|9 2953
|
| 650 |
0 |
7 |
|a oltáre
|2 SNKPH
|9 3030
|
| 650 |
0 |
7 |
|a kultúrne pamiatky
|2 SNKPH
|9 2862
|
| 651 |
|
7 |
|a Bardejov (Slovensko)
|2 SNKPHgeo
|9 20040
|
| 655 |
|
7 |
|a miestne pohľadnice
|2 SNKPH
|9 70510
|
| 655 |
|
7 |
|a pohľadnice kultúrnych pamiatok
|2 SNKPH
|9 70523
|
| 752 |
|
|
|a Slovensko
|d Prešov
|
| 852 |
|
|
|a Slovenská národná knižnica
|
| 958 |
|
|
|a ONDV
|
| 958 |
|
|
|a GBN
|
| 958 |
|
|
|a GC
|
| 999 |
|
|
|c 1162529
|d 1164459
|
| 952 |
|
|
|a SNK
|b SNK
|y PREZ
|7 0
|p 17A0351143
|o snkSP 97279
|0 0
|1 0
|4 0
|d 2005-02-16
|f 1
|l 0
|r 2026-02-24 20:38:15
|w 2026-02-24
|